Phát huy tính tích cực học tập của học sinh thông qua hệ thống câu hỏi trong dạy học chương "chất khí" vật lý 10.
Luận văn sẽ tập trung xây dựng hệ thống câu hỏi trong dạy học một số bài chương “Chất khí” vật lí 10 (ban cơ bản). Cụ thể: bài “Cấu tạo chất. Thuyết động học phân tử chất khí” và bài “Định luật Bôi-lơ - Ma-ri-ốt”
محفوظ في:
| المؤلف الرئيسي: | |
|---|---|
| مؤلفون آخرون: | |
| التنسيق: | كتاب |
| منشور في: |
Hà nội
Đại học Quốc gia Hà Nội - Trường ĐH Giáo dục
2013
|
| الموضوعات: | |
| الوسوم: |
إضافة وسم
لا توجد وسوم, كن أول من يضع وسما على هذه التسجيلة!
|
| Thư viện lưu trữ: | Mạng thư viện Đại học Đà Nẵng |
|---|
| LEADER | 01914nam a2200373 4500 | ||
|---|---|---|---|
| 001 | 000020401 | ||
| 003 | 16847 | ||
| 005 | 20150317100343.0 | ||
| 008 | 150317s2013 sd | ||
| 082 | 1 | 4 | |a 533.076 |b PH-P |
| 100 | |a Phạm Thị Minh Phượng | ||
| 245 | 1 | |a Phát huy tính tích cực học tập của học sinh thông qua hệ thống câu hỏi trong dạy học chương "chất khí" vật lý 10. |c Phạm Thị Minh Phượng ; Nguyễn Văn Nhã hướng dẫn. |k Luận văn Thạc sĩ | |
| 260 | |a Hà nội |b Đại học Quốc gia Hà Nội - Trường ĐH Giáo dục |c 2013 | ||
| 300 | |a 120 tr. |c 29 cm. | ||
| 500 | |a Luận văn thạc sĩ Khoa học. Chuyên ngành: Lý luận và phương pháp dạy học ( bộ môn Vật Lý). Mã số: 60.14.10 | ||
| 520 | |a Luận văn sẽ tập trung xây dựng hệ thống câu hỏi trong dạy học một số bài chương “Chất khí” vật lí 10 (ban cơ bản). Cụ thể: bài “Cấu tạo chất. Thuyết động học phân tử chất khí” và bài “Định luật Bôi-lơ - Ma-ri-ốt” | ||
| 650 | 0 | 4 | |a Chất khí |v Luận văn tôt nghiệp |x Hệ thống câu hỏi |
| 653 | |a Giáo dục THPT | ||
| 653 | |a Vật lý 10 | ||
| 653 | |a Phương pháp dạy học | ||
| 653 | |a Chất khí | ||
| 653 | |a Phướng pháp dạy học môn Lý | ||
| 653 | |a Mắt | ||
| 700 | 1 | |a Nguyễn Văn Nhã |c PGS.TS |e Hướng dẫn | |
| OWN | |a LSP | ||
| AVA | |a UDN50 |b LSP |d 533.076 PH-P |e available |t Error 5001 Not defined in file expand_doc_bib_avail. |f 1 |g 0 |h N |i 0 |k 1 | ||
| 999 | |a From the UDN01 | ||
| AVA | |a UDN50 |b LSP |d 533.076 PH-P |e available |t Error 5001 Not defined in file expand_doc_bib_avail. |f 1 |g 0 |h N |i 0 |k 1 | ||
| TYP | |a Monograph | ||
| TYP | |a Printed language | ||
| 980 | |a Mạng thư viện Đại học Đà Nẵng | ||